Revised MK spectral atlas for stars earlier than sun (Record no. 8943)
[ view plain ]
| 000 -LEADER | |
|---|---|
| fixed length control field | 00631nam a2200205Ia 4500 |
| 003 - CONTROL NUMBER IDENTIFIER | |
| control field | IN-BaIIA |
| 008 - FIXED-LENGTH DATA ELEMENTS--GENERAL INFORMATION | |
| fixed length control field | 211028s9999 xx 000 0 eng d |
| 040 ## - CATALOGING SOURCE | |
| Transcribing agency | IIA Library |
| 080 ## - UNIVERSAL DECIMAL CLASSIFICATION NUMBER | |
| Universal Decimal Classification number | 084.4:524.3 |
| Item number | MOR |
| 100 ## - MAIN ENTRY--PERSONAL NAME | |
| Personal name | Morgan, W. W |
| 245 #0 - TITLE STATEMENT | |
| Title | Revised MK spectral atlas for stars earlier than sun |
| Statement of responsibility, etc. | W.W. Morgan, H. A. Abt, and J.W. Tapscott |
| 260 ## - PUBLICATION, DISTRIBUTION, ETC. | |
| Place of publication, distribution, etc. | Chicago |
| Name of publisher, distributor, etc. | Yerkes Observatory |
| Date of publication, distribution, etc. | 1978 |
| 300 ## - PHYSICAL DESCRIPTION | |
| Extent | [various pagings.] |
| 650 ## - SUBJECT ADDED ENTRY--TOPICAL TERM | |
| Topical term or geographic name entry element | Astronomy and astrophysics thesaurus |
| 650 ## - SUBJECT ADDED ENTRY--TOPICAL TERM | |
| Topical term or geographic name entry element | Atlas - stars |
| 9 (RLIN) | 1192 |
| 650 ## - SUBJECT ADDED ENTRY--TOPICAL TERM | |
| Topical term or geographic name entry element | Stars - atlas |
| 9 (RLIN) | 1194 |
| 700 ## - ADDED ENTRY--PERSONAL NAME | |
| Personal name | Abt, H. A. |
| 9 (RLIN) | 10387 |
| 700 ## - ADDED ENTRY--PERSONAL NAME | |
| Personal name | Tapscott, J. W. |
| 9 (RLIN) | 15032 |
| 942 ## - ADDED ENTRY ELEMENTS (KOHA) | |
| Koha item type | Books |
| Withdrawn status | Lost status | Damaged status | Not for loan | Home library | Current library | Shelving location | Date acquired | Total Checkouts | Full call number | Barcode | Date last seen | Price effective from | Koha item type |
|---|---|---|---|---|---|---|---|---|---|---|---|---|---|
| IIA Library-Bangalore | IIA Library-Bangalore | General Stacks | 02/01/1987 | 084.4:524.3/ MOR | 9830 | 05/11/2021 | 02/01/1987 | Books |